| 000 | 00363nam a22001457a 4500 | ||
|---|---|---|---|
| 999 |
_c533724 _d533724 |
||
| 020 | _a978-1498761956 | ||
| 040 | _cMSOHAIL | ||
| 082 |
_a620.106 _bKAY |
||
| 100 |
_aMelvyn Kay _913243 |
||
| 245 | _aPractical Hydraulics and Water Resources Engineering | ||
| 250 | _a3rd Edition | ||
| 260 |
_aLondon _bCRC Press _cc2017 |
||
| 300 | _a355;p;xv | ||
| 942 |
_2ddc _cBK |
||